000 00591nam a2200181 a 4500
001 000016959
005 20200929165008.0
008 100312s1988 dr r 000 0 spa d
040 _aDO-SdBNP
_bspa
_cBNPHU
082 _aR 463.1
_bD545e
245 0 0 _aDiccionario etimológico del español :
_bortografía verbos.
260 _aSanto Domingo :
_bAlfa y Omega,
_c1988.
300 _a382 p. :
_bil. ;
_c21 cm.
590 _aInventariado, 2018/BT
650 4 _aEspañol
_xEtimología
_vDICCIONARIOS
_99498
650 4 _aEspañol
_xOrtografia
_vDICCIONARIOS
_937490
650 4 _aEspañol
_xVerbo
_937491
999 _c16491
_d16491